000 01257cam a2200133 4500500
005 20251214005204.0
041 _afre
042 _adc
100 1 0 _aEsquenazi, Jean-Pierre
_eauthor
245 0 0 _aSociologie des oeuvres : De la production à l'interprétation
260 _bArmand Colin,
_c2007.
520 _aCe travail de référence fournit des réponses argumentées aux questions très disputées de la nature et de la fonction sociales des œuvres d'art. Après un retour sur les définitions classiques de l'œuvre puis une revue critique des apports de la sociologie, l'auteur nous propose sa vision de l'œuvre comme "processus symbolique intentionnel". Sur cet base, il passe ensuite au crible les travaux français et étrangers des dernières décennies sur un certain nombre de thèmes clé (fonctionnement des institutions de l'art et de la culture, théories de l'énonciation et de la déclaration des œuvres, etc.). Nourri d'exemples, parfaitement au fait des apports comme des limites des cultural studies, l'auteur défend sans céder la thèse de l'égalité "sociale" de principe des objets d'art et de culture.
856 4 1 _uhttps://shs.cairn.info/sociologie-des-oeuvres--9782200353438?lang=fr&redirect-ssocas=7080
999 _c1568703
_d1568703